|
|
|
|
| LEADER |
00000nam0a2200000 4500 |
| 001 |
359487 |
| 005 |
20231102011208.0 |
| 035 |
|
|
|a (RuTPU)RU\TPU\retro\16767
|
| 090 |
|
|
|a 359487
|
| 100 |
|
|
|a 20201103d1883 km y0gery50 ba
|
| 101 |
0 |
|
|a ger
|
| 102 |
|
|
|a DE
|
| 105 |
|
|
|a a z 001zy
|
| 200 |
1 |
|
|a Taschenbuch für Chemiker und Hüttenleute
|f Verein "Hütte"
|
| 210 |
|
|
|a Berlin
|c Verlag von Ernst und Korn
|d 1883
|
| 215 |
|
|
|a XIX, [1], 952, [2] s.
|c mit 220 in den text eingedruckten holzschnitten
|
| 300 |
|
|
|a Раздельная пагинация страниц
|
| 300 |
|
|
|a В описании используется грамматика 19 века
|
| 316 |
|
|
|5 63413507: 17//15
|a На форзаце экслибрис Библиотеки С. Н. Кулибина, закленный экслибрисом Библиотеки ТТИ
|
| 316 |
|
|
|5 63413507: 17//15
|a На форзаце надпись: "1884. Кулибин"
|
| 317 |
|
|
|5 63413507: 17//15
|a Поступил в НТБ в 1900 г. в составе книжного собрания С. Н. Кулибина
|
| 320 |
|
|
|a Alphabetisches sachregister: s. 932-952
|
| 541 |
1 |
|
|a Карманный справочник для химиков и металлургов
|z rus
|
| 606 |
1 |
|
|a Химия
|2 stltpush
|3 (RuTPU)RU\TPU\subj\17362
|9 43035
|
| 606 |
1 |
|
|a Металлургия общая
|2 stltpush
|3 (RuTPU)RU\TPU\subj\43016
|9 62604
|
| 610 |
1 |
|
|a владельческие знаки
|
| 610 |
1 |
|
|a немецкий язык
|
| 610 |
1 |
|
|a справочники
|
| 610 |
1 |
|
|a огнеупорные материалы
|
| 610 |
1 |
|
|a топлива
|
| 610 |
1 |
|
|a коксование
|
| 610 |
1 |
|
|a оборудование
|
| 610 |
1 |
|
|a руды
|
| 610 |
1 |
|
|a металлы
|
| 610 |
1 |
|
|a алгебра
|
| 610 |
1 |
|
|a анализ
|
| 610 |
1 |
|
|a гониометрия
|
| 610 |
1 |
|
|a тригонометрия
|
| 610 |
1 |
|
|a механика
|
| 610 |
1 |
|
|a твердые тела
|
| 610 |
1 |
|
|a жидкие тела
|
| 610 |
1 |
|
|a воздух
|
| 610 |
1 |
|
|a статика
|
| 610 |
1 |
|
|a динамика
|
| 610 |
1 |
|
|a физика
|
| 610 |
1 |
|
|a оптика
|
| 610 |
1 |
|
|a теплота
|
| 610 |
1 |
|
|a химические технологии
|
| 610 |
1 |
|
|a химическая промышленность
|
| 610 |
1 |
|
|a производство
|
| 610 |
1 |
|
|a стекло
|
| 610 |
1 |
|
|a керамика
|
| 610 |
1 |
|
|a растительное сырье
|
| 610 |
1 |
|
|a животное сырье
|
| 610 |
1 |
|
|a газ
|
| 610 |
1 |
|
|a красильное производство
|
| 610 |
1 |
|
|a нормативные требования
|
| 610 |
1 |
|
|a грузоподъемность
|
| 610 |
1 |
|
|a владельческие надписи
|
| 610 |
1 |
|
|a Библиотека Кулибиных
|
| 675 |
|
|
|a 54
|v 4
|
| 675 |
|
|
|a 669
|v 4
|
| 712 |
0 |
2 |
|a Verein "Hütte"
|4 570
|
| 801 |
|
1 |
|a RU
|b 63413507
|c 20201103
|
| 801 |
|
2 |
|a RU
|b 63413507
|c 20210604
|g RCR
|
| 942 |
|
|
|c BK
|